Statystyki dla Państwa i stolice Europy - Quiz na mapie

Kliknij tutaj aby rozwiązać quiz!

Ogólne statystyki

  • Ten quiz został rozwiązany 10 565 razy
  • Średni wynik to 69 z 94

Odpowiedzi na mapie

Odpowiedzi skodowane kolorowo w zielono-czerwonej skali na mapie do tego quizu, zgodnie z poniższymi procentami.
 

Statystyki odpowiedzi

Odpowiedź% Poprawnych
Polska
95%
Niemcy
93%
Rosja
93%
Warszawa
93%
Francja
92%
Hiszpania
91%
Ukraina
91%
Wielka Brytania
90%
Włochy
90%
Czechy
89%
Litwa
89%
Szwecja
89%
Berlin
88%
Białoruś
88%
Moskwa
88%
Norwegia
88%
Paryż
88%
Portugalia
88%
Irlandia
87%
Łotwa
87%
Finlandia
86%
Londyn
86%
Słowacja
86%
Estonia
85%
Grecja
85%
Madryt
85%
Dania
84%
Islandia
84%
Kijów
84%
Rzym
84%
Holandia
83%
Austria
82%
Belgia
82%
Chorwacja
81%
Turcja
81%
Oslo
80%
Praga
80%
Rumunia
80%
Szwajcaria
79%
Węgry
79%
Lizbona
78%
Ateny
77%
Luksemburg
77%
Luksemburg
77%
Albania
76%
Bośnia i Hercegowina
76%
Słowenia
76%
Watykan
75%
Watykan
75%
Bułgaria
74%
Mińsk
74%
Andora
73%
Andora
73%
Mołdawia
72%
Wiedeń
72%
Amsterdam
71%
Czarnogóra
71%
Dublin
71%
Kopenhaga
71%
San Marino
71%
San Marino
71%
Wilno
71%
Bruksela
70%
Helsinki
70%
Kosowo
70%
Serbia
70%
Sztokholm
70%
Macedonia Północna
69%
Budapeszt
68%
Ryga
66%
Bratysława
65%
Bukareszt
64%
Liechtenstein
64%
Malta
64%
Monako
64%
Monako
64%
Zagrzeb
63%
Reykjavík
62%
Sofia
62%
Kazachstan
60%
Tallinn
59%
Berno
58%
Ankara
52%
Sarajewo
52%
Tirana
52%
Belgrad
46%
Lublana
46%
Kiszyniów
45%
Vaduz
45%
Valletta
44%
Podgorica
43%
Skopje
41%
Prisztina
39%
Astana
27%

Rozkład punktacji

Percentyl według liczby udzielonych odpowiedzi

Procent ludzi z każdym wynikiem

Twoja historia wyników

Nie rozwiązałeś tego quizu